[Event "AUTO-ADV-1986"]
[Site "http://www.queenalice.com/game.php?id=864486"]
[Date "2010.11.27"]
[Round "1"]
[White "toin"]
[Black "Lopesq"]
[Result "0-1"]
[WhiteElo "1798"]
[BlackElo "1687"]

1. e4 e5 2. Bc4 Nf6 3. d3 d6 4. h3 Bd7 5. g4 Be7 6. Qf3 Bc6 7. g5 Nbd7 8. gxf6
Nxf6 9. Bg5 d5 10. Bxf6 Bxf6 11. Bb3 dxe4 12. dxe4 Qd4 13. Nc3 a6 14. Nge2 Qd8
15. Rg1 Qe7 16. Nd5 Qd8 17. O-O-O Bxd5 18. Rxd5 Qe7 19. Rgd1 O-O 20. Rd7 Bg5+
21. Kb1 Qf6 22. Qxf6 Bxf6 23. Rxc7 Rab8 24. Rdd7 Rbd8 25. Rxf7 Rxf7 26. Bxf7+
Kf8 27. Bd5 b6 28. Ra7 a5 29. Rb7 Be7 30. Rxb6 g6 31. Nc3 Bc5 32. Rc6 Bb4 33.
Nb5 Kg7 34. Nc7 Kh6 35. Ne6 Rb8 36. f4 exf4 37. Nd4 Bd2 38. Nf3 Be3 39. e5 Kh5
40. Be6 Rb7 41. Bg4+ Kh6 0-1

[Event "AUTO-ADV-1986"]
[Site "http://www.queenalice.com/game.php?id=864487"]
[Date "2010.11.27"]
[Round "1"]
[White "Lopesq"]
[Black "toin"]
[Result "1-0"]
[WhiteElo "1707"]
[BlackElo "1778"]

1. Nf3 d5 2. d4 Nc6 3. c3 h6 4. Bf4 Bg4 5. Nbd2 e6 6. e3 a6 7. Be2 Bd6 8. Bxd6
Qxd6 9. O-O Nf6 10. h3 Bh5 11. c4 b6 12. cxd5 Nxd5 13. a3 b5 14. Ne4 Qe7 15. Nc5
Nd8 16. Ne5 Bxe2 17. Qxe2 g6 18. Qf3 Ra7 19. Ne4 g5 20. Nf6+ Qxf6 21. Qxf6 Nxf6
22. Rac1 Ne4 23. Rfd1 f6 24. Ng4 Kf7 25. d5 e5 26. Rc6 Nxc6 27. dxc6 Nd6 28. b3
a5 29. f3 a4 30. b4 Ra6 31. Rc1 Nc4 32. Rc3 Rxc6 33. e4 Rd6 34. Kh2 Ke6 35. Nf2
Rd2 36. Kg1 Ra2 37. Nd3 Rxa3 38. Nc5+ Kd6 39. Rc1 Ke7 40. Rd1 Rd8 41. Rxd8 Kxd8
42. Ne6+ Ke7 43. Ng7 Rb3 44. Nf5+ Kf8 45. Nxh6 a3 46. Ng4 1-0

[Event "AUTO-MASTER-1282"]
[Site "http://www.queenalice.com/game.php?id=864909"]
[Date "2010.11.28"]
[Round "1"]
[White "dadge"]
[Black "toin"]
[Result "1-0"]
[WhiteElo "2116"]
[BlackElo "1817"]

1. e4 d5 2. exd5 Qxd5 3. Nc3 Qd8 4. d4 c6 5. Nf3 Bg4 6. Be2 e6 7. O-O Bd6 8. Ne4
Bc7 9. h3 Bh5 10. Nc5 b6 11. Nd3 Bxf3 12. Bxf3 Qxd4 13. c3 Qd6 14. Bf4 Qd7 15.
Qe2 Ne7 16. Rad1 Qc8 17. b4 Ng6 18. Be5 Nxe5 19. Nxe5 Bxe5 20. Qxe5 O-O 21. Qd6
a5 22. b5 Ra7 23. bxc6 Qc7 24. Rd3 Qxd6 25. Rxd6 Rc7 26. Rb1 e5 27. Rxb6 f5 28.
Bd5+ Kh8 29. f3 h5 30. Re6 Rfc8 31. Rxe5 Nxc6 32. Rxf5 g6 33. Rf6 Ne7 34. c4
Nxd5 35. cxd5 Rd7 36. Rxg6 1-0

[Event "AUTO-MASTER-1282"]
[Site "http://www.queenalice.com/game.php?id=864910"]
[Date "2010.11.28"]
[Round "1"]
[White "toin"]
[Black "dadge"]
[Result "0-1"]
[WhiteElo "1936"]
[BlackElo "2109"]

1. e4 e6 2. Nf3 d5 3. e5 c5 4. Bb5+ Nc6 5. c3 Bd7 6. Bxc6 Bxc6 7. d4 cxd4 8.
Nxd4 Ne7 9. Qb3 Qc7 10. f4 Ng6 11. g3 Be7 12. Be3 O-O 13. Nd2 a5 14. N2f3 a4 15.
Qc2 Bd7 16. h4 f6 17. h5 Nxe5 18. fxe5 fxe5 19. Nxe6 Bxe6 20. Ng5 Bf5 21. Qd2 d4
22. cxd4 exd4 23. Bf4 Qb6 24. Nf3 Bb4 25. Nh4 Bxd2+ 0-1

[Event "AUTO-MASTER-1282"]
[Site "http://www.queenalice.com/game.php?id=864925"]
[Date "2010.11.28"]
[Round "1"]
[White "toin"]
[Black "boydelta"]
[Result "0-1"]
[WhiteElo "1581"]
[BlackElo "2217"]

1. e4 e6 2. a3 d5 3. e5 c5 4. c3 c4 5. d4 Qb6 6. Nd2 Nc6 7. Ngf3 Nge7 8. b3 cxb3
9. Nxb3 Nf5 10. Rb1 Bd7 11. Bd3 Qc7 0-1

[Event "AUTO-MASTER-1282"]
[Site "http://www.queenalice.com/game.php?id=864926"]
[Date "2010.11.28"]
[Round "1"]
[White "boydelta"]
[Black "toin"]
[Result "1-0"]
[WhiteElo "2218"]
[BlackElo "1579"]

1. e4 d5 2. exd5 Qxd5 3. Nc3 Qd8 4. d4 c6 5. Be2 h6 6. Nf3 Nf6 7. O-O Bg4 8. a4
e6 9. Ne5 Bxe2 10. Nxe2 Bd6 11. Nf3 Qc7 12. g3 Nbd7 13. a5 1-0

[Event "AUTO-MASTER-1282"]
[Site "http://www.queenalice.com/game.php?id=864927"]
[Date "2010.11.28"]
[Round "1"]
[White "toin"]
[Black "Econochess"]
[Result "0-1"]
[WhiteElo "1626"]
[BlackElo "1946"]

1. e4 c5 2. Bc4 g6 3. Qf3 e6 4. d3 Bg7 5. Ne2 Nc6 6. a3 Ne5 7. Qg3 Nxc4 8. dxc4
d6 9. c3 Nf6 10. f3 b6 11. Bg5 O-O 12. Nf4 Ba6 13. Nd2 h6 14. Bxf6 Qxf6 15. h4
b5 16. cxb5 Bxb5 17. Ne2 Bxe2 18. Kxe2 d5 0-1

[Event "AUTO-MASTER-1282"]
[Site "http://www.queenalice.com/game.php?id=864928"]
[Date "2010.11.28"]
[Round "1"]
[White "Econochess"]
[Black "toin"]
[Result "1-0"]
[WhiteElo "1949"]
[BlackElo "1623"]

1. d4 d5 2. c4 c6 3. Nc3 dxc4 4. e4 b5 5. a4 Bd7 6. Nf3 e6 7. Qc2 Bb4 8. Ne5 h6
9. Be2 Bxc3+ 10. bxc3 Qb6 11. Rb1 Qc7 12. Bh5 g6 13. Be2 a6 14. Bf4 Qa5 15. O-O
Qxa4 16. Qxa4 bxa4 17. Bxc4 Ne7 18. Nd3 1-0

[Event "AUTO-ADV-1768"]
[Site "http://www.queenalice.com/game.php?id=865156"]
[Date "2010.11.28"]
[Round "2"]
[White "deepblue2010"]
[Black "toin"]
[Result "1-0"]
[WhiteElo "1814"]
[BlackElo "1573"]

1. e4 d5 2. exd5 Qxd5 3. Nc3 Qd8 4. Nf3 Bg4 5. h3 Bh5 6. g4 Bg6 7. d4 c6 8. Bc4
e6 9. Bf4 Nd7 10. Qe2 Bb4 11. O-O-O 1-0

[Event "AUTO-ADV-1768"]
[Site "http://www.queenalice.com/game.php?id=865157"]
[Date "2010.11.28"]
[Round "2"]
[White "toin"]
[Black "deepblue2010"]
[Result "0-1"]
[WhiteElo "1561"]
[BlackElo "1826"]

1. e4 c5 2. Bc4 d6 3. Qf3 Nf6 4. h3 e6 5. d3 Nbd7 6. a3 Be7 7. Bf4 Ne5 8. Bxe5
dxe5 9. g4 Qa5+ 10. Nc3 O-O 0-1

[Event "AUTO-ADV-1768"]
[Site "http://www.queenalice.com/game.php?id=865160"]
[Date "2010.11.28"]
[Round "2"]
[White "FLEURY"]
[Black "toin"]
[Result "1-0"]
[WhiteElo "2216"]
[BlackElo "1925"]

1. e4 d5 2. exd5 Qxd5 3. Nc3 Qd8 4. d4 Bf5 5. g4 Bg6 6. Nf3 h6 7. Ne5 Bh7 8. Qf3
Nf6 9. Qxb7 Nbd7 10. Nb5 Rc8 11. Nc6 Rb8 12. Nxc7+ Qxc7 13. Qxc7 e6 14. Nxb8
Nxb8 15. Qxb8+ Ke7 16. Bf4 Nd7 17. Bd6+ Kf6 18. Qd8+ Kg6 19. Bd3+ f5 20. gxf5+
exf5 21. Rg1+ Kf7 22. Qxd7+ 1-0

[Event "AUTO-ADV-1768"]
[Site "http://www.queenalice.com/game.php?id=865161"]
[Date "2010.11.28"]
[Round "2"]
[White "toin"]
[Black "FLEURY"]
[Result "0-1"]
[WhiteElo "1941"]
[BlackElo "2219"]

1. e4 c5 2. Bc4 e6 3. Nh3 Nc6 4. a3 Nf6 5. d3 d5 6. exd5 exd5 7. Ba2 Bg4 8. f3
Qe7+ 9. Qe2 Qxe2+ 10. Kxe2 Nd4+ 11. Kd2 Nxf3+ 12. gxf3 Bxh3 13. Rg1 O-O-O 14.
Nc3 h6 15. Ne2 Nh5 16. c3 g5 17. Kc2 Bf5 18. Be3 c4 19. Ng3 Bxd3+ 20. Kd2 Nf4
21. Bxa7 Bd6 22. Bd4 Rhe8 23. Be3 Ng6 24. Bb1 Nh4 25. Bxd3 Nxf3+ 26. Ke2 Nxg1+
27. Rxg1 cxd3+ 28. Kxd3 Rxe3+ 29. Kxe3 Bc5+ 0-1

[Event "AUTO-ADV-1768"]
[Site "http://www.queenalice.com/game.php?id=865162"]
[Date "2010.11.28"]
[Round "2"]
[White "gardez2005"]
[Black "toin"]
[Result "1-0"]
[WhiteElo "1996"]
[BlackElo "1532"]

1. e4 d5 2. exd5 Qxd5 3. Nc3 Qd8 4. d4 c6 5. Bc4 h6 6. Qf3 Nf6 7. Nge2 Bg4 8.
Qe3 Bf5 9. O-O Bxc2 10. Nf4 Bf5 11. b4 Ng4 12. Qd2 Qc7 13. h3 Nf6 14. a4 g5 15.
Nfe2 Nbd7 16. b5 Nb6 17. Bb3 e6 18. Re1 Bb4 19. Bb2 Nbd5 20. Ng3 Bg6 21. Nxd5
Nxd5 22. Qe2 Bxe1 23. Rxe1 Nf4 24. Qd2 O-O 25. d5 cxd5 26. Qd4 f6 27. Ba3 Rf7
28. Rc1 1-0

[Event "AUTO-ADV-1768"]
[Site "http://www.queenalice.com/game.php?id=865163"]
[Date "2010.11.28"]
[Round "2"]
[White "toin"]
[Black "gardez2005"]
[Result "0-1"]
[WhiteElo "1530"]
[BlackElo "1998"]

1. e4 e5 2. Nf3 Nc6 3. a3 Nf6 4. Nc3 Be7 5. Bb5 d6 6. Bxc6+ bxc6 7. d3 h6 8. h3
O-O 9. g4 Nd7 10. h4 Bb7 11. Ne2 d5 12. Ng3 Kh7 13. g5 Rg8 14. Nf5 h5 15. Nxe5
g6 16. Nxf7 Qf8 17. Nxe7 Qxe7 18. Nh6 Rgf8 19. f4 dxe4 20. O-O exd3 21. Qxd3 Nc5
22. Qf3 Ba6 23. Rf2 Qe1+ 24. Kg2 Ne4 25. Be3 Qxa1 26. Qxe4 Rae8 27. Qd4 c5 0-1